000 00669nam a2200241Ia 4500
003 OSt
005 20220927104124.0
006 a|||||r|||| 00| 0
007 ta
008 220926b |||||||| |||| 00| 0 eng d
024 _a118433
037 _cReference Collections
040 _aRTL
_cRTL
_beng
041 _2eng
_aeng
082 _a"Sk, M7/RR"
100 _aGergory Richard L
_9364461
245 0 _aOxford campanion to the mind
260 _aNew
_bYork Oxford University Press
_c1987
300 _a"xvii,856p"
_ccm.
650 _aPsychology
_9364462
942 _h"Sk, M7/RR"
_cCC
999 _c686245
_d686245